000 00873cam a22002891 4500
999 _c5331
_d5331
001 241938
003 GBCCL
005 20241126110539.0
008 741018s1962 nyu b 001 0 eng
010 _a 62007298
035 _a(OCoLC)ocm01045339
035 _a(OCoLC)1045339
040 _aDLC
_beng
_cBPS
_dDLC
_dBTCTA
_dOCLCG
_dCGP
_dCFT
_dOCLCA
_dLBB
049 _aLBBT
050 0 0 _aBR65.A47
_bP4
082 0 4 _a281.4
_bPEL
090 _aBR65.A47
_bP4
100 1 _aPelikan, Jaroslav,
_d1923-2006.
_99618
245 1 4 _aThe Light of the World;
_ba basic image in early Christian thought.
250 _a[1st ed.]
260 _aNew York,
_bHarper
_c[1962]
300 _a128 p. ;
_c20 cm.
504 _aIncludes bibliography.
600 0 0 _aAthanasius,
_cSaint, Patriarch of Alexandria,
_d-373.
_99619
650 0 _aLight and darkness in the Bible.
_99620
942 _2ddc
_cBK